| 000 | 00427cam a2200169ua 4500 | ||
|---|---|---|---|
| 020 | _c7.50 | ||
| 041 |
_amal _h |
||
| 082 |
_a300 _bVEL/SA |
||
| 100 | _aVeleyudhan nair, . | ||
| 245 | 0 | 0 |
_aSamuhya vijhyana pravesam / _cVeleyudhan nair. _hTextual Documents |
| 260 |
_aTrivandrum : _bState Institute of languages , _c1971. |
||
| 300 | _a276 ; . | ||
| 365 | _a7.50 | ||
| 504 | _a | ||
| 942 | _cBK | ||
| 999 |
_c1051 _d1051 |
||